| 000 | 00854nam a22002897a 4500 | ||
|---|---|---|---|
| 003 | CHAP | ||
| 005 | 20220329134139.0 | ||
| 008 | 971013s1977 r 00010 d | ||
| 010 | _a16117 | ||
| 011 | _a17089 | ||
| 035 | _a21172 | ||
| 040 | _cCHAP | ||
| 082 |
_a510 _bH64Y |
||
| 100 | 0 | 0 |
_aHoel, Paul G. _955771 |
| 245 | _aMatemáticas finitas y cálculo con aplicaciones a los negocios | ||
| 260 |
_aMéxico, D.F. : _bLimusa, _c1977 |
||
| 300 | _a475 p. | ||
| 590 |
_aBATCH-UPD _b10 _c20130110 _lUCH01 _h1018 |
||
| 590 |
_aBATCH-UPD _b10 _c20130410 _lUCH01 _h0624 |
||
| 590 |
_aBATCH-UPD _b10 _c20130914 _lUCH01 _h0951 |
||
| 590 |
_aCONVERSION _b10 _c20130109 _lUCH01 _h1310 |
||
| 650 | 1 | 4 |
_aCálculo. _923990 |
| 650 | 1 | 4 |
_aMatemáticas. _972901 |
| 901 | _aBK | ||
| 942 | _cLIBRO | ||
| 949 |
_a510 H64Y _bBC _cLIBRO _d33724000128815 _eLIBRO _h45539 _i21172 _si |
||
| 999 |
_c16117 _d16117 |
||